Score 0/7 Timer 02:00
1 Play Today
Virtue % Correct
Charity
68.7%
Patience
62.7%
Chastity
58.7%
Humility
58%
Kindness
57.3%
Temperance
40.7%
Diligence
32%

You're not logged in!

Compare scores with friends on all Sporcle quizzes.
OR
Log In

Sporcle TV

Today on Sporcle TV


Watch our educational content, quiz creation guides, and fun videos on Sporcle TV.

Show Comments

Extras

Created Jan 29, 2009ReportNominate
Tags:Heavenly, virtue

Top Quizzes Today


Score Distribution

Paid Content

Your Account Isn't Verified!

In order to create a playlist on Sporcle, you need to verify the email address you used during registration. Go to your Sporcle Settings to finish the process.

Report this User

Report this user for behavior that violates our Community Guidelines.

Details: